[Event "CAN-ch International"]
[Site "Longueuil"]
[Date "2019.10.11"]
[Round "1"]
[White "Chabot, Roland"]
[Black "Lesiege, Alexandre"]
[Result "0-1"]
[WhiteElo "2168"]
[BlackElo "2559"]
[PlyCount "72"]
[EventDate "2019.10.11"]
[EventType "swiss"]
[EventRounds "5"]
[EventCountry "CAN"]
[SourceTitle "CBM 192 Extra"]
[Source "Chessbase"]
[SourceDate "2019.11.06"]
[SourceVersion "1"]
[SourceVersionDate "2019.11.06"]
[SourceQuality "1"]

1. d4 d5 2. Nf3 Nf6 3. g3 Bf5 4. Bg2 e6 5. 0-0 Be7 6. c4 0-0 7. Nc3 c6 8. Qb3 Qb6 9. c5 Qa6 10. Nh4 Bg4 11. f3 Bh5 12. e4 b6 13. cxb6 axb6 14. g4 Bg6 15. Nxg6 hxg6 16. Bg5 Re8 17. e5 Nfd7 18. Bxe7 Rxe7 19. f4 b5 20. Qb4 Re8 21. a4 Qb6 22. axb5 c5 23. dxc5 Nxc5 24. Qd4 Rxa1 25. Rxa1 Nbd7 26. Ra3 Rc8 27. Bxd5 exd5 28. Nxd5 Qd8 29. Rc3 Qh4 30. Qd1 Rd8 31. g5 Ne4 32. Rc2 Kf8 33. Nc7 Ke7 34. Nd5+ Kf8 35. Nb6 Qxf4 36. Nxd7+ Ke7 0-1

[Event "Quebec op"]
[Site "Longueuil"]
[Date "2019.07.25"]
[Round "7"]
[White "Lesiege, Alexandre"]
[Black "Roussel Roozmon, Thomas"]
[Result "0-1"]
[WhiteElo "2500"]
[BlackElo "2463"]
[PlyCount "122"]
[EventDate "2019.07.20"]
[EventType "swiss"]
[EventRounds "9"]
[EventCountry "CAN"]
[SourceTitle "CBM 191 Extra"]
[Source "ChessBase"]
[SourceDate "2019.09.30"]
[SourceVersion "1"]
[SourceVersionDate "2019.09.30"]
[SourceQuality "1"]

1. Nf3 Nf6 2. c4 c5 3. Nc3 e6 4. g3 b6 5. Bg2 Bb7 6. 0-0 d6 7. d4 cxd4 8. Qxd4 a6 9. Rd1 Be7 10. b3 Nbd7 11. e4 Qc8 12. Ba3 Nc5 13. Rac1 0-0 14. Qe3 Qc7 15. Nd4 Rac8 16. f4 Rfe8 17. Qe2 Bf8 18. e5 dxe5 19. fxe5 Bxg2 20. Kxg2 Nfd7 21. Nf3 Nxb3 22. axb3 Bxa3 23. Ra1 Bb4 24. Na2 Be7 25. Nc3 Bb4 26. Na2 Be7 27. Nc3 Ra8 28. Rab1 Red8 29. Rd3 Nc5 30. Re3 Rd7 31. b4 Nb7 32. Kh3 h6 33. Rb2 Rad8 34. Rb1 Bf8 35. g4 Be7 36. g5 hxg5 37. Rg1 g6 38. Ne4 Kg7 39. Nf6 Rh8+ 40. Kg2 Rdd8 41. Rb1 a5 42. b5 Nc5 43. h3 Nd7 44. Ng4 Qb7 45. Kh2 a4 46. Rf1 Rhf8 47. Nd4 Nxe5 48. Nxe5 Rxd4 49. Qb2 Rf4 50. Ng4+ Kh7 51. Rfe1 Rd8 52. Qe2 Qd7 53. Ne5 Qd2 54. Kh1 Qxe2 55. R1xe2 Bc5 56. Rg3 Rd1+ 57. Kh2 Bd6 58. c5 Bxe5 59. Rxe5 Rf2+ 60. Rg2 Rxg2+ 61. Kxg2 bxc5 0-1

[Event "Quebec-ch"]
[Site "Montreal"]
[Date "2019.03.24"]
[Round "3.2"]
[White "Yu, Zong Yang"]
[Black "Lesiege, Alexandre"]
[Result "1-0"]
[WhiteElo "2372"]
[BlackElo "2515"]
[PlyCount "99"]
[EventDate "2019.01.21"]
[EventType "k.o."]
[EventRounds "4"]
[EventCountry "CAN"]
[SourceTitle "CBM 189 Extra"]
[Source "ChessBase"]
[SourceDate "2019.06.03"]
[SourceVersion "1"]
[SourceVersionDate "2019.06.03"]
[SourceQuality "1"]

1. d4 Nf6 2. Nf3 d5 3. c4 e6 4. g3 dxc4 5. Bg2 a6 6. 0-0 Nc6 7. e3 Bd7 8. Qe2 Bd6 9. Qxc4 0-0 10. Nbd2 Rc8 11. Qe2 Na5 12. b3 Bb5 13. Nc4 c5 14. Bd2 cxd4 15. Bxa5 Qxa5 16. Nxd4 Bxc4 17. bxc4 Qc7 18. Rab1 b6 19. Rfd1 Bc5 20. Qf3 e5 21. Nb3 Bb4 22. Qb7 a5 23. Qxc7 Rxc7 24. Rbc1 g6 25. Nd2 b5 26. c5 Ba3 27. Rb1 Rxc5 28. Nb3 Rc2 29. Nxa5 Ng4 30. Rf1 Rb8 31. Nc6 Rb6 32. Nb4 Rc5 33. Rb3 Bxb4 34. Rxb4 Rc4 35. Rfb1 Ra6 36. Bf1 Rxb4 37. Rxb4 Nf6 38. Rb2 Ne4 39. Bxb5 Ra3 40. Bc4 Kg7 41. Bd5 Nc5 42. Rb5 Rc3 43. Ra5 f5 44. Ra7+ Kh8 45. Rc7 e4 46. h3 Rc1+ 47. Kg2 Rc3 48. g4 fxg4 49. hxg4 Na4 50. Ra7 1-0

[Event "Quebec-ch"]
[Site "Montreal"]
[Date "2019.03.22"]
[Round "1.2"]
[White "Lesiege, Alexandre"]
[Black "Saha, Ananda"]
[Result "1-0"]
[WhiteElo "2515"]
[BlackElo "2035"]
[PlyCount "73"]
[EventDate "2019.01.21"]
[EventType "k.o."]
[EventRounds "4"]
[EventCountry "CAN"]
[SourceTitle "CBM 189 Extra"]
[Source "ChessBase"]
[SourceDate "2019.06.03"]
[SourceVersion "1"]
[SourceVersionDate "2019.06.03"]
[SourceQuality "1"]

1. d4 Nf6 2. c4 e6 3. Nf3 d5 4. g3 Be7 5. Bg2 0-0 6. 0-0 Nbd7 7. Qc2 c6 8. Nbd2 Re8 9. Rd1 Qc7 10. e4 dxe4 11. Nxe4 Nxe4 12. Qxe4 Nf6 13. Qe2 Bd6 14. c5 Be7 15. Bf4 Qd8 16. Ne5 Nd5 17. Bd2 Qc7 18. Rac1 Rf8 19. Re1 Bd7 20. h4 Rae8 21. Ba5 b6 22. cxb6 axb6 23. Bxd5 exd5 24. Bxb6 Qb7 25. Qc2 Bd6 26. Bc5 Bxc5 27. Qxc5 f6 28. Nxd7 Qxd7 29. Rxe8 Rxe8 30. Qxc6 Qxc6 31. Rxc6 Re4 32. a4 Rxd4 33. a5 h6 34. Rc3 Rb4 35. a6 Rb8 36. a7 Ra8 37. Rc7 1-0

[Event "Quebec-ch"]
[Site "Montreal"]
[Date "2019.03.21"]
[Round "1.1"]
[White "Saha, Ananda"]
[Black "Lesiege, Alexandre"]
[Result "0-1"]
[WhiteElo "2035"]
[BlackElo "2515"]
[PlyCount "78"]
[EventDate "2019.01.21"]
[EventType "k.o."]
[EventRounds "4"]
[EventCountry "CAN"]
[SourceTitle "CBM 189 Extra"]
[Source "ChessBase"]
[SourceDate "2019.06.03"]
[SourceVersion "1"]
[SourceVersionDate "2019.06.03"]
[SourceQuality "1"]

1. Nf3 c5 2. g3 Nc6 3. Bg2 g6 4. 0-0 Bg7 5. e4 e5 6. d3 Nge7 7. Be3 d6 8. Qd2 0-0 9. c3 f5 10. Na3 b6 11. Bg5 f4 12. gxf4 Bg4 13. f5 gxf5 14. exf5 Qd7 15. Nh4 Nxf5 16. f3 Nxh4 17. fxg4 Nxg2 18. Qxg2 d5 19. Rf5 Nd8 20. Rxf8+ Kxf8 21. Rf1+ Nf7 22. Bf6 Bxf6 23. Rxf6 Re8 24. g5 e4 25. g6 hxg6 26. Qxg6 exd3 27. Qh6+ Ke7 28. Qf4 Rg8+ 29. Kf2 Qh3 30. Rxf7+ Ke8 31. Qe5+ Kxf7 32. Qxd5+ Kg7 33. Qg5+ Kh7 34. Qe7+ Kh6 35. Qf6+ Kh7 36. Qe7+ Rg7 37. Qe4+ Rg6 38. Qe7+ Kh6 39. Qf8+ Kg5 0-1

[Event "Quebec op"]
[Site "Quebec"]
[Date "2018.07.22"]
[Round "3"]
[White "Lesiege, Alexandre"]
[Black "Chiku Ratte, Olivier Kenta"]
[Result "1-0"]
[WhiteElo "2517"]
[BlackElo "2278"]
[PlyCount "149"]
[EventDate "2018.07.21"]
[EventType "swiss"]
[EventRounds "9"]
[EventCountry "CAN"]
[SourceTitle "CBM 186 Extra"]
[Source "ChessBase"]
[SourceDate "2018.08.24"]
[SourceVersion "1"]
[SourceVersionDate "2018.08.24"]
[SourceQuality "1"]

1. Nf3 Nf6 2. c4 g6 3. Nc3 Bg7 4. e4 d6 5. d4 0-0 6. h3 c5 7. d5 b5 8. cxb5 a6 9. a4 axb5 10. Bxb5 Ba6 11. Bg5 h6 12. Be3 Qa5 13. 0-0 Nbd7 14. Bd2 Bxb5 15. Nxb5 Qb6 16. Re1 Ne8 17. Qc1 Kh7 18. Bc3 Nc7 19. Bxg7 Kxg7 20. Qc3+ Kg8 21. Nxc7 Qxc7 22. e5 Nb6 23. e6 Kh7 24. exf7 Rxf7 25. Re4 Nxd5 26. Qd2 Nf6 27. Rh4 Nh5 28. Nh2 Qc6 29. g3 Rf5 30. Re1 e5 31. Ng4 Rg5 32. Nf6+ Kg7 33. Ne4 Nf4 34. Kh2 Rxa4 35. Qxd6 Qxd6 36. Nxd6 Rh5 37. Rxh5 Nxh5 38. Rxe5 Rb4 39. Re7+ Kf6 40. Re2 Kg7 41. Kg2 Nf6 42. Re7+ Kg8 43. Rb7 Rxb7 44. Nxb7 Nd7 45. Nd6 Kf8 46. Ne4 Ke7 47. f4 Ke6 48. Kf3 Kd5 49. Ke3 Nb6 50. Kd3 h5 51. Nf6+ Ke6 52. Ne4 Kd5 53. Nc3+ Ke6 54. b3 Kd6 55. Ke4 Ke6 56. Kd3 Kd6 57. Ne4+ Kc6 58. Nd2 Nd5 59. Ke4 Kd6 60. Nc4+ Ke6 61. Ne5 Nc3+ 62. Kd3 Nd1 63. Nxg6 Nf2+ 64. Ke3 Nd1+ 65. Ke4 Nf2+ 66. Ke3 Nd1+ 67. Kd2 Nf2 68. Ke2 Ne4 69. g4 Kf6 70. Ne5 h4 71. Ke3 Nc3 72. Nd7+ Ke6 73. Nxc5+ Kd5 74. Nd3 Nb5 75. f5 1-0

[Event "Quebec op"]
[Site "Quebec"]
[Date "2018.07.22"]
[Round "2"]
[White "Zhao, Jim"]
[Black "Lesiege, Alexandre"]
[Result "0-1"]
[WhiteElo "2169"]
[BlackElo "2517"]
[PlyCount "96"]
[EventDate "2018.07.21"]
[EventType "swiss"]
[EventRounds "9"]
[EventCountry "CAN"]
[SourceTitle "CBM 186 Extra"]
[Source "ChessBase"]
[SourceDate "2018.08.24"]
[SourceVersion "1"]
[SourceVersionDate "2018.08.24"]
[SourceQuality "1"]

1. Nf3 d5 2. c4 e6 3. b3 Nf6 4. Bb2 Be7 5. g3 0-0 6. Bg2 b6 7. 0-0 Bb7 8. cxd5 Nxd5 9. d4 Nf6 10. Nbd2 Nbd7 11. Re1 c5 12. e4 Rc8 13. e5 Nd5 14. Ne4 b5 15. dxc5 Nxc5 16. Nd4 Qb6 17. Qe2 b4 18. Rad1 Nxe4 19. Bxe4 Nc3 20. Bxc3 Bxe4 21. Qxe4 bxc3 22. Nc2 Rfd8 23. Ne3 Rd2 24. Rxd2 cxd2 25. Rd1 Rc1 26. Kg2 Rxd1 27. Nxd1 g6 28. Kf3 Qa6 29. Qc2 Qa5 30. Ne3 Bb4 31. Nc4 Qxa2 32. Qxa2 d1Q+ 33. Kg2 a5 34. h4 h5 35. Qb2 Qd5+ 36. Kh2 a4 37. Qa2 a3 38. Kg1 Bc5 39. Kf1 Qf3 40. Nxa3 Qa8 41. Qc2 Qxa3 42. Kg2 Qb4 43. f4 Qd4 44. Kh3 Kg7 45. Qe2 Qd5 46. Qc2 Qh1+ 47. Qh2 Qf3 48. Qc2 Bf2 0-1

[Event "Trois-Rivieres op"]
[Site "Trois Rivieres"]
[Date "2018.03.16"]
[Round "1.3"]
[White "Papineau, Daniel"]
[Black "Lesiege, Alexandre"]
[Result "0-1"]
[WhiteElo "2078"]
[BlackElo "2514"]
[PlyCount "64"]
[EventDate "2018.03.16"]
[EventType "swiss"]
[EventRounds "5"]
[EventCountry "CAN"]
[SourceTitle "EXT 2022"]
[Source "ChessBase"]
[SourceDate "2021.10.06"]
[SourceVersion "1"]
[SourceVersionDate "2021.10.06"]
[SourceQuality "1"]

1. d4 d5 2. c4 e6 3. Nc3 Nf6 4. cxd5 exd5 5. Bg5 c6 6. Qc2 Be7 7. e3 Nbd7 8. Bd3 h6 9. Bh4 Nh5 10. Bxe7 Qxe7 11. Nge2 Nb6 12. h3 Bd7 13. g4 Nf6 14. Ng3 g6 15. 0-0-0 0-0-0 16. Rhe1 Rhe8 17. Kb1 Kb8 18. f3 c5 19. dxc5 Qxc5 20. e4 Qc7 21. Qf2 Bc6 22. Nb5 Bxb5 23. Bxb5 Re6 24. Rc1 Qe7 25. exd5 Rxd5 26. Bf1 Rxe1 27. Rxe1 Qd6 28. Ne2 Nc4 29. Qg3 Nd2+ 30. Kc1 Rc5+ 31. Kd1 Re5 32. Kc2 Nxf1 0-1

[Event "Quebec op"]
[Site "Quebec"]
[Date "2017.08.18"]
[Round "8"]
[White "Beaulieu, Eric"]
[Black "Lesiege, Alexandre"]
[Result "1/2-1/2"]
[WhiteElo "2154"]
[BlackElo "2517"]
[PlyCount "74"]
[EventDate "2017.08.12"]
[EventType "swiss"]
[EventRounds "9"]
[EventCountry "CAN"]
[SourceTitle "CBM 180 Extra"]
[Source "ChessBase"]
[SourceDate "2017.10.06"]
[SourceVersion "1"]
[SourceVersionDate "2017.10.06"]
[SourceQuality "1"]

1. d4 d5 2. c4 e6 3. Nc3 c6 4. e3 Nf6 5. Nf3 Nbd7 6. Qc2 Bd6 7. Bd3 0-0 8. 0-0 dxc4 9. Bxc4 a6 10. a3 h6 11. Ne4 Nxe4 12. Qxe4 c5 13. Bd3 Nf6 14. Qh4 cxd4 15. exd4 Re8 16. Re1 Nd5 17. Qe4 f5 18. Qe2 b5 19. Ne5 Bb7 20. Bd2 Qh4 21. Nf3 Qg4 22. h3 Qg6 23. Nh4 Qf6 24. Nf3 Ne7 25. Ne5 Ng6 26. Nxg6 Qxg6 27. f4 Rad8 28. Be3 Bc7 29. a4 Bb6 30. axb5 a5 31. Bc4 Kh8 32. Kh2 Qf6 33. Qf2 g5 34. Rac1 g4 35. g3 gxh3 36. Kxh3 Re7 37. Be2 Rdd7 1/2-1/2

[Event "Quebec op"]
[Site "Quebec"]
[Date "2017.08.16"]
[Round "6"]
[White "Lesiege, Alexandre"]
[Black "Mikhalevski, Victor"]
[Result "1/2-1/2"]
[WhiteElo "2517"]
[BlackElo "2533"]
[PlyCount "76"]
[EventDate "2017.08.12"]
[EventType "swiss"]
[EventRounds "9"]
[EventCountry "CAN"]
[SourceTitle "CBM 180 Extra"]
[Source "ChessBase"]
[SourceDate "2017.10.06"]
[SourceVersion "1"]
[SourceVersionDate "2017.10.06"]
[SourceQuality "1"]

1. Nf3 Nf6 2. c4 g6 3. Nc3 d5 4. cxd5 Nxd5 5. Qb3 Nb6 6. d4 Bg7 7. Bf4 Be6 8. Qa3 0-0 9. e4 c6 10. h4 h6 11. 0-0-0 N8d7 12. Kb1 Bg4 13. Be2 Qe8 14. e5 Nd5 15. Nxd5 cxd5 16. Qe3 h5 17. Ng5 Bf5+ 18. Bd3 e6 19. Bxf5 exf5 20. e6 fxe6 21. Nxe6 Rf7 22. Nc7 Qxe3 23. fxe3 Rd8 24. Nxd5 Nf8 25. Nb4 Nd7 26. Nd3 Nb6 27. Bg5 Re8 28. Rhe1 Kh7 29. Rc1 Nd5 30. Nf4 Nxe3 31. Nd5 f4 32. Nxf4 Rd7 33. Rc3 Bxd4 34. Rd3 Re5 35. Bf6 Re4 36. Rxd4 Rexd4 37. Bxd4 Rxd4 38. Rxe3 Rxf4 1/2-1/2

[Event "CAN-ch"]
[Site "Montreal"]
[Date "2017.06.27"]
[Round "1"]
[White "Lesiege, Alexandre"]
[Black "Oussedik, Elias"]
[Result "1-0"]
[WhiteElo "2525"]
[BlackElo "2163"]
[PlyCount "97"]
[EventDate "2017.06.27"]
[EventType "swiss"]
[EventRounds "9"]
[EventCountry "CAN"]
[SourceTitle "CBM 179 Extra"]
[Source "ChessBase"]
[SourceDate "2017.08.23"]
[SourceVersion "1"]
[SourceVersionDate "2017.08.23"]
[SourceQuality "1"]

1. d4 e6 2. c4 Nf6 3. Nc3 c5 4. d5 exd5 5. cxd5 d6 6. e4 g6 7. Nge2 Bg7 8. Ng3 a6 9. a4 h5 10. Be2 Nbd7 11. Bg5 Qa5 12. Bd2 Qc7 13. Nf1 0-0 14. Ne3 Ne5 15. h3 Re8 16. 0-0 c4 17. Qc2 Rb8 18. a5 Bd7 19. Na4 Bxa4 20. Rxa4 b5 21. axb6 Qxb6 22. Bc3 Ned7 23. Nxc4 Qc5 24. Bd3 Rbc8 25. Rfa1 Qc7 26. Rxa6 Nc5 27. Rc6 Qe7 28. Nxd6 Rxc6 29. Nxe8 Rc8 30. Nxg7 Kxg7 31. Re1 Kh7 32. Qe2 Kg8 33. Bc2 Re8 34. Bb4 Nxd5 35. Ba3 Nf4 36. Qf3 Qg5 37. h4 Qe5 38. Qc3 Qxc3 39. bxc3 Rc8 40. g3 Nfd3 41. Rd1 Ne5 42. Rd5 Ne6 43. Bb4 Nc6 44. Bd6 Ra8 45. e5 Ra1+ 46. Rd1 Ra5 47. f4 Ra2 48. Be4 Na7 49. Rb1 1-0

[Event "Trois-Riveres op"]
[Site "Trois Rivieres"]
[Date "2017.03.19"]
[Round "4.3"]
[White "Lesiege, Alexandre"]
[Black "Ouellet, Maili Jade"]
[Result "1-0"]
[WhiteElo "2592"]
[BlackElo "2210"]
[PlyCount "45"]
[EventDate "2017.03.17"]
[EventType "swiss"]
[EventRounds "5"]
[EventCountry "CAN"]
[SourceTitle "EXT 2022"]
[Source "ChessBase"]
[SourceDate "2021.10.06"]
[SourceVersion "1"]
[SourceVersionDate "2021.10.06"]
[SourceQuality "1"]

1. d4 d5 2. c4 e6 3. Nc3 Be7 4. Nf3 Nf6 5. Bf4 0-0 6. e3 Nbd7 7. Be2 c5 8. cxd5 Nxd5 9. Nxd5 exd5 10. 0-0 Nf6 11. dxc5 Bxc5 12. Rc1 Ne4 13. Nd2 Be7 14. Nxe4 dxe4 15. Qa4 f5 16. Rc7 Bd6 17. Rd1 Qxc7 18. Bxd6 Qf7 19. Bxf8 Qxf8 20. Bc4+ Kh8 21. Qb4 Qf6 22. Rd6 Qf8 23. Qd2 1-0

[Event "Trois-Riveres op"]
[Site "Trois Rivieres"]
[Date "2017.03.18"]
[Round "2.1"]
[White "Bolduc, Steve"]
[Black "Lesiege, Alexandre"]
[Result "1/2-1/2"]
[WhiteElo "2242"]
[BlackElo "2592"]
[PlyCount "65"]
[EventDate "2017.03.17"]
[EventType "swiss"]
[EventRounds "5"]
[EventCountry "CAN"]
[SourceTitle "EXT 2022"]
[Source "ChessBase"]
[SourceDate "2021.10.06"]
[SourceVersion "1"]
[SourceVersionDate "2021.10.06"]
[SourceQuality "1"]

1. d4 Nf6 2. Bg5 d5 3. Bxf6 gxf6 4. e3 c5 5. Nc3 Nc6 6. Qh5 cxd4 7. exd4 e6 8. 0-0-0 f5 9. Nf3 Qf6 10. Be2 Bd7 11. h4 Rc8 12. Rhe1 Bb4 13. Rd3 Bxc3 14. Rxc3 Nxd4 15. Nxd4 Qxd4 16. Bb5 Rxc3 17. Bxd7+ Ke7 18. bxc3 Qxc3 19. Re3 Qa1+ 20. Kd2 Qd4+ 21. Ke2 Qc4+ 22. Kd2 Rd8 23. Bxe6 Qd4+ 24. Ke1 fxe6 25. Qxh7+ Kd6 26. Qxb7 Qc4 27. Qxa7 Qb4+ 28. c3 Qb1+ 29. Ke2 Rb8 30. Rd3 Rb2+ 31. Rd2 Rxd2+ 32. Kxd2 Qb2+ 33. Kd3 1/2-1/2

[Event "Trois-Riveres op"]
[Site "Trois Rivieres"]
[Date "2017.03.17"]
[Round "1"]
[White "Lesiege, Alexandre"]
[Black "Laptos, Krzysztof"]
[Result "1-0"]
[WhiteElo "2592"]
[BlackElo "2190"]
[PlyCount "77"]
[EventDate "2017.03.17"]
[EventType "swiss"]
[EventRounds "5"]
[EventCountry "CAN"]
[SourceTitle "EXT 2022"]
[Source "ChessBase"]
[SourceDate "2021.10.06"]
[SourceVersion "1"]
[SourceVersionDate "2021.10.06"]
[SourceQuality "1"]

1. d4 d6 2. Nf3 Bg4 3. e4 Nf6 4. Nc3 e6 5. Be2 c6 6. 0-0 Be7 7. Be3 0-0 8. d5 Bxf3 9. Bxf3 cxd5 10. exd5 e5 11. Be2 Nbd7 12. a4 Qa5 13. Qd2 Rfc8 14. Rfb1 Qd8 15. a5 a6 16. Qd1 Qc7 17. Rc1 Re8 18. Na4 Bf8 19. b4 Ne4 20. c4 Rac8 21. Bg4 Nef6 22. Bh3 Rcd8 23. c5 dxc5 24. bxc5 Nb8 25. d6 Qc6 26. Bg5 Nbd7 27. Bxd7 Qxd7 28. Bxf6 gxf6 29. Nb6 Qf5 30. Qd5 Bh6 31. Rc3 Rb8 32. Rg3+ Bg7 33. Rf3 Qe6 34. Rb1 Red8 35. Rfb3 Bf8 36. Qd2 Kh8 37. Qd5 Qxd5 38. Nxd5 Rbc8 39. Nc7 1-0

[Event "PRO League Stage"]
[Site "Chess.com INT"]
[Date "2017.02.22"]
[Round "7"]
[White "Lesiege, Alexandre"]
[Black "Vovk, Andrey"]
[Result "0-1"]
[WhiteElo "2521"]
[BlackElo "2633"]
[PlyCount "110"]
[EventDate "2017.01.11"]
[EventType "team-swiss (rapid)"]
[EventRounds "7"]
[EventCountry "USA"]
[SourceTitle "EXT 2018"]
[Source "ChessBase"]
[SourceDate "2017.10.13"]
[SourceVersion "1"]
[SourceVersionDate "2017.10.13"]
[SourceQuality "1"]
[WhiteTeam "Montreal ChessBrahs"]
[BlackTeam "Philadelphia Inventors"]
[WhiteTeamCountry "CAN"]
[BlackTeamCountry "USA"]

1. d4 f5 2. g3 Nf6 3. Bg2 g6 4. Nf3 Bg7 5. 0-0 0-0 6. b3 d6 7. Bb2 c6 8. c4 a5 9. Nc3 Qc7 10. d5 Na6 11. Nd4 Bd7 12. e4 fxe4 13. Nxe4 Nxe4 14. Bxe4 Qb6 15. Rb1 Rf7 16. Qd2 Nc7 17. Nf3 Bxb2 18. Rxb2 cxd5 19. cxd5 Raf8 20. Ng5 Rf6 21. h4 h6 22. Ne6 Bxe6 23. dxe6 Kg7 24. b4 a4 25. h5 gxh5 26. Qd1 Qb5 27. Rc2 Nxe6 28. Qd5 Qxb4 29. Rc4 Qb6 30. Qxb7 Qxb7 31. Bxb7 Nc5 32. Bc6 Nd3 33. Rc2 h4 34. gxh4 Rf4 35. Rc3 Ne5 36. Bd5 Rxh4 37. Rfc1 Rf5 38. Rg3+ Rg5 39. Rc7 Kf6 40. Ra7 Rd4 41. Bg8 Rxg3+ 42. fxg3 Nd3 43. Ra8 Nc5 44. Kg2 e6 45. Kf3 Rd2 46. Ra7 Rxa2 47. Rf7+ Kg6 48. Re7 Ra3+ 49. Kg2 Re3 50. Ra7 a3 51. Bf7+ Kf6 52. Bg8 Ne4 53. Rf7+ Ke5 54. Re7 Rxg3+ 55. Kh2 Rxg8 0-1

[Event "PRO League Stage"]
[Site "Chess.com INT"]
[Date "2017.02.15"]
[Round "6"]
[White "Lesiege, Alexandre"]
[Black "Quesada Perez, Yuniesky"]
[Result "1-0"]
[WhiteElo "2521"]
[BlackElo "2630"]
[PlyCount "67"]
[EventDate "2017.01.11"]
[EventType "team-swiss (rapid)"]
[EventRounds "7"]
[EventCountry "USA"]
[SourceTitle "CBM 176 Extra"]
[Source "ChessBase"]
[SourceDate "2017.03.02"]
[SourceVersion "1"]
[SourceVersionDate "2017.03.02"]
[SourceQuality "1"]
[WhiteTeam "Montreal ChessBrahs"]
[BlackTeam "Miami Champions"]
[WhiteTeamCountry "CAN"]
[BlackTeamCountry "UAE"]

1. Nf3 Nf6 2. c4 e6 3. Nc3 d5 4. d4 c6 5. Bg5 Nbd7 6. e3 h6 7. Bh4 Be7 8. Bd3 b6 9. 0-0 Bb7 10. cxd5 cxd5 11. Qe2 0-0 12. Rfc1 a6 13. Rc2 b5 14. a4 b4 15. Nb1 Rc8 16. Rxc8 Qxc8 17. Nbd2 a5 18. Nb3 Qa8 19. Ne5 Nb6 20. Nc5 Bc6 21. Bb5 Be8 22. Rc1 g5 23. Bg3 Ne4 24. Nxe4 dxe4 25. Qh5 Bxb5 26. axb5 Qd5 27. Ng6 Re8 28. Qxh6 fxg6 29. Qxg6+ Kf8 30. Be5 Rc8 31. Bg7+ Kg8 32. Bf6+ Kf8 33. Qg7+ Ke8 34. Qxe7# 1-0

[Event "PRO League Atlantic"]
[Site "Chess.com INT"]
[Date "2017.01.18"]
[Round "2"]
[White "Lesiege, Alexandre"]
[Black "Song, Michael"]
[Result "1-0"]
[WhiteElo "2521"]
[BlackElo "2415"]
[PlyCount "105"]
[EventDate "2017.01.11"]
[EventType "team-swiss (rapid)"]
[EventRounds "7"]
[EventCountry "USA"]
[SourceTitle "CBM 176 Extra"]
[Source "ChessBase"]
[SourceDate "2017.03.02"]
[SourceVersion "1"]
[SourceVersionDate "2017.03.02"]
[SourceQuality "1"]
[WhiteTeam "Montreal ChessBrahs"]
[BlackTeam "Toronto Dragons"]
[WhiteTeamCountry "CAN"]
[BlackTeamCountry "CAN"]

1. d4 Nf6 2. c4 c5 3. Nf3 cxd4 4. Nxd4 Nc6 5. Nc3 e6 6. a3 a6 7. e4 Qb6 8. Nb3 Ne5 9. Be3 Qc7 10. Rc1 d6 11. Be2 Be7 12. 0-0 h5 13. f3 b6 14. Nd2 Bb7 15. Qe1 h4 16. Qf2 Ned7 17. b4 Bc6 18. Nd5 exd5 19. cxd5 Ne5 20. dxc6 b5 21. Nb3 h3 22. g3 Rc8 23. Bb6 Qb8 24. c7 Qa8 25. Na5 Nfd7 26. Be3 g5 27. f4 gxf4 28. Qxf4 Rg8 29. Bh5 Nf6 30. Bf3 Nxf3+ 31. Qxf3 Qxe4 32. Qxe4 Nxe4 33. Bb6 Nf6 34. Nc6 Nd5 35. Ba5 Bg5 36. Rce1+ Be3+ 37. Rxe3+ Nxe3 38. Re1 Kd7 39. Nb8+ Rxb8 40. cxb8Q Rxb8 41. Rxe3 Rc8 42. g4 Rc1+ 43. Kf2 d5 44. Rxh3 Ke6 45. Re3+ Kd6 46. Bb6 Rc4 47. Bc5+ Kc6 48. Kg3 d4 49. Rd3 Kd5 50. Rxd4+ Rxd4 51. Bxd4 Kxd4 52. h4 Ke5 53. h5 1-0